000 00460nam a2200169Ia 4500
008 131103s9999 xx 000 0 und d
040 _aLoreto College
041 _aEnglish
082 _aREF
_bLCBED/7484
245 4 _aThe columbiaviking desk encyclopedia
_cEdited Willam Bridgwater
260 _aLondon
_bDell pub.
_c1964
300 _a2008p.
_c 22cm.
650 _aEncyclopedia
700 _aBridgwater, Willam; ed.
850 _aLCBED/REF
942 _cBK
999 _c34509
_d84988